| Tag |
First Indicator |
Second Indicator |
Subfields |
| LEADER |
00000pam a2200000 a 4500 |
| 001 |
in00000563421 |
| 005 |
20151014071138.0 |
| 008 |
820204s1982 nyua 00010 eng |
| 010 |
|
|
|a 82001753
|
| 020 |
|
|
|a 0668054255 (pbk.) :
|c $2.95
|
| 035 |
|
|
|a (OCoLC)08195043
|
| 035 |
|
|
|9 ACP0591AM
|
| 039 |
0 |
|
|a 2
|b 3
|c 3
|d 3
|e 3
|
| 040 |
|
|
|a DLC
|c DLC
|d TXA
|d UtOrBLW
|
| 043 |
|
|
|a n-us---
|
| 049 |
|
|
|a TXAM
|c [A09028060]
|
| 050 |
0 |
0 |
|a LB2353.57
|b .M3 1982
|
| 082 |
0 |
|
|a 378/.1664
|2 19
|
| 090 |
|
|
|a LB2353.57
|b .M3 1984
|
| 100 |
1 |
|
|a McDonough, Martin.
|
| 245 |
1 |
0 |
|a Practice for the SAT :
|b scholastic aptitude test /
|c Martin McDonough and Alvin J. Hansen.
|
| 264 |
|
1 |
|a New York :
|b Arco Pub.,
|c [1982]
|
| 264 |
|
3 |
|c 1984 printing
|
| 264 |
|
4 |
|c ©1982
|
| 300 |
|
|
|a 305 pages :
|b illustrations ;
|c 18 cm.
|
| 336 |
|
|
|a text
|b txt
|2 rdacontent
|
| 337 |
|
|
|a unmediated
|b n
|2 rdamedia
|
| 338 |
|
|
|a volume
|b nc
|2 rdacarrier
|
| 650 |
|
0 |
|a SAT (Educational test)
|v Study guides.
|
| 650 |
|
0 |
|a Universities and colleges
|z United States
|x Entrance examinations
|v Study guides.
|
| 700 |
1 |
|
|a Hansen, Alvin J.
|
| 999 |
|
|
|a MARS
|
| 999 |
f |
f |
|s 7bfe1aa7-01f1-3c79-9c03-d8bc13050668
|i 37863552-1957-329d-8d48-de6836d0b0c9
|t 0
|
| 952 |
f |
f |
|p normal
|a Texas A&M University
|b College Station
|c Sterling C. Evans Library
|d Evans: Library Stacks
|t 0
|e LB2353.57 .M3 1984
|h Library of Congress classification
|i unmediated -- volume
|m A14809028060
|
| 998 |
f |
f |
|a LB2353.57 .M3 1984
|t 0
|l Evans: Library Stacks
|